Star Wars Films by Synonyms - Statistics

General Stats
  • This quiz has been taken 38 times
  • The average score is 8 of 9
Answer Stats
Synonym Answer % Correct
The Power Arouses The Force Awakens
97%
Homecoming Of The Light Side Return Of The Jedi
90%
A Current Expectation A New Hope
86%
Vengeance Of The Dark Side Revenge Of The Sith
86%
Ambush Of The Copies Attack Of The Clones
83%
The Final Force Wielder The Last Jedi
83%
A Ghost's Danger The Phantom Menace
83%
The Separatists Beat Rear The Empire Strikes Back
79%
The Arise Of Solo The Rise Of Skywalker
69%
No matching quizzes found
Score Distribution
Percent of People with Each Score
Percentile by Number Answered
Your Score History
You have not taken this quiz